|
|
|
|
| LEADER |
02977nam a22005297a 4500 |
| 001 |
45565 |
| 003 |
BD-DhAAL |
| 005 |
20260503143215.0 |
| 008 |
260423t2025 bg ||||| b||| 00| 0 ben d |
| 020 |
|
|
|a 9789843966377
|
| 020 |
|
|
|a 9841807888101
|
| 040 |
|
|
|a BD-DhAAL
|d BD-DhAAL
|
| 041 |
0 |
|
|a ben
|
| 082 |
0 |
0 |
|a 891.44
|2 23
|
| 245 |
0 |
0 |
|a বাঙালির সাহিত্যচিন্তা :
|b [ বাংলা গদ্যরীতি ].
|n ত্রয়োবিংশ খণ্ড /
|c সম্পাদক, সৈয়দ আজিজুল হক ; গ্রন্থমালা সম্পাদক, আবদুল্লাহ আবু সায়ীদ.
|
| 246 |
3 |
3 |
|a Bangalir chintamulok rochona shongroho :
|b shahitto [troyobingsho khondo]
|
| 246 |
3 |
3 |
|a A collection of Bengali thoughts :
|b literature [volume : 23]
|
| 260 |
|
|
|a ঢাকা :
|b বিশ্বসাহিত্য কেন্দ্র,
|c ২০২৫.
|
| 300 |
|
|
|a ৩৪২ পৃষ্ঠা ;
|c ২২ সে.মি.
|
| 362 |
0 |
|
|a Vol. 23
|
| 490 |
1 |
|
|a বাঙালির চিন্তামূলক রচনা সংগ্রহ ;
|v ১৭৭
|
| 490 |
1 |
|
|a বিশ্বসাহিত্য কেন্দ্র প্রকাশনা ;
|v ৭৮৮
|
| 500 |
|
|
|a প্রথম প্রকাশ.
|
| 504 |
|
|
|a গ্রন্থপঞ্জিগত নির্দেশিকা অন্তর্ভুক্ত।
|
| 526 |
8 |
|
|a AAL, RS
|
| 541 |
1 |
|
|a Bishwo Shahitto Kendro
|e 45565, 45684
|
| 650 |
|
0 |
|a Bengali Literature.
|
| 650 |
|
0 |
|a Bengali literature
|x History and criticism.
|
| 650 |
|
0 |
|a Indic literature
|x History and criticism.
|9 60464
|
| 650 |
|
0 |
|a Bengal (India)
|x History
|x Literary collections.
|9 60465
|
| 650 |
|
0 |
|a Bengal (India)
|x History.
|
| 650 |
|
0 |
|a Bengali poetry.
|9 60466
|
| 650 |
|
0 |
|a Songs, Bengali.
|
| 650 |
|
0 |
|a Bengali fiction.
|
| 650 |
|
0 |
|a Bengali drama.
|
| 650 |
|
0 |
|a Bengali essays.
|
| 650 |
|
0 |
|a Short stories, Bengali.
|
| 650 |
|
0 |
|a Literature
|x Societies, etc.
|
| 700 |
1 |
|
|a হক, সৈয়দ আজিজুল.
|9 60467
|
| 700 |
1 |
|
|a সায়ীদ, আবদুল্লাহ আবু.
|
| 830 |
|
0 |
|a বাঙালির চিন্তামূলক রচনা সংগ্রহ ;
|v ১৭৮
|
| 830 |
|
0 |
|a বিশ্বসাহিত্য কেন্দ্র প্রকাশনা ;
|v ৭৮৯
|
| 852 |
1 |
|
|a Ayesha Abed Library
|c Reference
|
| 942 |
|
|
|2 ddc
|c BK
|
| 999 |
|
|
|c 47856
|d 47856
|
| 952 |
|
|
|0 0
|1 0
|2 ddc
|4 0
|6 891_440000000000000_BAN
|7 1
|9 79079
|a BRACUL
|b BRACUL
|c REF
|d 2026-04-19
|e Bishwo Shahitto Kendro
|g 430.00
|l 0
|o 891.44 BAN
|p 3010045565
|r 2026-04-19
|t 1
|v 860.00
|w 2026-04-19
|y BK
|x Requisitioned by Ayesha Abed Library, BRAC University
|
| 952 |
|
|
|0 0
|1 0
|2 ddc
|4 0
|6 891_440000000000000_BAN
|7 1
|9 79080
|a SCL
|b BRACUL
|c REF
|d 2026-04-19
|e Bishwo Shahitto Kendro
|g 430.00
|l 0
|o 891.44 BAN
|p 3020045684
|r 2026-04-19
|t 2
|v 860.00
|w 2026-04-19
|y BK
|x Requisitioned by Ayesha Abed Library, BRAC University
|